Работний ден (Запис номер 161839)
[ съкратено ]
| 000 -Лидер | |
|---|---|
| Контролно поле с фиксирана дължина | nam a22 a 4500 |
| 003 - Код на организацията, давaща контролен номер | |
| Контролно поле | BLK |
| 005 - Дата и час на последна редакция | |
| Контролно поле | 20201013095935.0 |
| 008 - Елементи от данни с фиксирана дължина | |
| fixed length control field | 180410b bul|||||r ||||||| ||bul|| |
| 010 ## - Наследен системен номер | |
| LC control number | KNG00169201000 |
| 040 ## - Източник на каталожния запис | |
| Идентификатор на билиотеката - собственик на записа | BLK |
| 041 ## - Код за език | |
| Код за езика на текст/звукозапис или на отделно заглавие | Български |
| Код за езика КДБФ | Български |
| 080 ## - УДК | |
| Текстов определител УДК | Организация на труда. Вж и 651 ; 658 |
| УДК код - определител по УДК | 331.103 |
| УДК - код + определител | 331.103 |
| 139 ## - Редно поле | |
| Редна дума | Работний ден |
| Авторски знак | Р - Р 11 |
| 245 10 - Сведения за заглавието | |
| Заглавие | Работний ден |
| Редно поле (дума) | волен прев. от пол. от Георги Иванов Бакалов. |
| 257 ## - Страна на издаване | |
| Страна на създаване/издаване | Полша |
| 260 ## - Област на издателските данни | |
| Име на издателя, разпространителя и проч. | Раб. д-во Съгласие |
| Година на издаване | 1895 |
| Печатница | Сливен : Бълг. знаме |
| Място на издаване, разпространение и проч. | Сливен |
| 300 ## - Физическа характеристика | |
| Страници | 20 с. |
| Размери/Мащаб | 15 см |
| 380 ## - Жанр | |
| Жанр | Обществени науки |
| 490 1# - СЕРИИ (Колекции) | |
| Име на серия | Библиотека на Работнически другар |
| №: серия | Сер. ІІ, № 12 |
| 490 ## - СЕРИИ (Колекции) | |
| Име на серия | Колекция Редки и ценни издания |
| 9 (RLIN) | 435080 |
| 500 ## - Общи забележки | |
| Забележка | Кор. опис |
| 650 #4 - Допълнително описание по предмет – тема | |
| Основно описание – тема или топоним | Организация на труда |
| 9 (RLIN) | 252221 |
| 653 ## - Ключова дума – ненормативна | |
| Ключова дума | труд |
| 653 ## - Ключова дума – ненормативна | |
| Ключова дума | трудова среда |
| 653 ## - Ключова дума – ненормативна | |
| Ключова дума | трудови отношения |
| 700 1# - Други автори (авторска отговорност) | |
| Лично име | Бакалов, Георги Иванов |
| Автороска отговорност (Описва отношението между автора и произведението) | волен прев. от пол. от |
| 9 (RLIN) | 370516 |
| 852 ## - Местоположение | |
| Форматна сигнатура | Рб 895 |
| Фондова буква | Редки и ценни |
| 856 4# - Електронен адрес и достъп | |
| Електронен формат | pdf - файл |
| 856 4# - Електронен адрес и достъп | |
| Електронен формат | pdf - файл |
| 999 ## - СИСТЕМНИ КОНТРОЛНИ НОМЕРА | |
| Koha biblionumber | 161839 |
| Koha biblioitemnumber | 161839 |
| 942 ## - АРТИКУЛИ | |
| Вид на библиотечния материал | Книги |
| Скрит в OPAC | Не |
| Периодичен библиозапис | Да |
| 944 ## - СЪЗДАВАНЕ И РЕДАКЦИЯ на ЗАПИСА | |
| Създаване/Редакция | Създаване |
| Дата на регистрацията/редакция | 06.01.2015 |
| Служител, извършил регистрацията/редакцията | Наталия_Медовщикова |
| 944 ## - СЪЗДАВАНЕ И РЕДАКЦИЯ на ЗАПИСА | |
| Създаване/Редакция | Редакция |
| Дата на регистрацията/редакция | 06.01.2015 |
| Служител, извършил регистрацията/редакцията | Наталия_Медовщикова |
| 999 ## - СИСТЕМНИ КОНТРОЛНИ НОМЕРА | |
| Koha biblioitemnumber | 161839 |
| Код за отписване | Код за изгубен артикул | Източник на класификационната схема | Код за повреда | Коз за рестрикции | Код за отдаване | Артикулен № | Име на библиотеката - собственик | Име на библиотеката, в която се намира в момента | Статус (Текущо местоположение) | Дата на вписване в системата | Местоположение - отдел | Цена в лева | Инвентарен номер | Систематично азбучна сигнатура | Баркод | Номер на екземпляра | Цена в евро | Служебна бележка | Служебен тип на артикула |
|---|---|---|---|---|---|---|---|---|---|---|---|---|---|---|---|---|---|---|---|
| Не е изгубен | Universal Decimal Classification | Не е повреден | само за читалня | Специални фондове ( старопечатни, редки и ценни, фонд М. Арнаудов) | 270333 | Регионална библиотека "Любен Каравелов" Русе | Регионална библиотека "Любен Каравелов" Русе | Редки и ценни | 1947-01-01 | Редки и ценни | 0.04 | 14277 | Рб 895 | 900000021134 | 1 | 0.02 | Дост: DA N: стар фонд Дата: 01.01.1947 Дата инв: 15.12.2016 Бележки инв: Рц2016 | Книги |